The end of the appeal (Record no. 77827)
[ view plain ]
| 000 -LEADER | |
|---|---|
| fixed length control field | 00726cab a2200193 4500 |
| 001 - CONTROL NUMBER | |
| control field | ##L135193 |
| 008 - FIXED-LENGTH DATA ELEMENTS--GENERAL INFORMATION | |
| fixed length control field | 061004n2006 000 0 eng u |
| 035 ## - SYSTEM CONTROL NUMBER | |
| System control number | (Sirsi) u135193 |
| 041 0# - LANGUAGE CODE | |
| Language code of text/sound track or separate title | eng |
| 100 1# - MAIN ENTRY--PERSONAL NAME | |
| Personal name | Jansen, Mark |
| 245 04 - TITLE STATEMENT | |
| Title | The end of the appeal |
| 260 ## - PUBLICATION, DISTRIBUTION, ETC. | |
| Date of publication, distribution, etc. | 2006 |
| 490 #0 - SERIES STATEMENT | |
| Series statement | Property Week |
| Volume/sequential designation | 71(39) 29 September 2006, 84-85(98) |
| 520 ## - SUMMARY, ETC. | |
| Summary, etc. | Discusses the Valuation Office Agency's five yearly rating assessments which are frequently challenged by surveyors, and its new regime to cut appeals against these assessments which are cutting down surveyors' workloads. |
| 590 ## - LOCAL NOTE (RLIN) | |
| Local note | IKA171006 |
| 651 #4 - SUBJECT ADDED ENTRY--GEOGRAPHIC NAME | |
| Geographic name | GREAT BRITAIN |
| 690 ## - LOCAL SUBJECT ADDED ENTRY--TOPICAL TERM (OCLC, RLIN) | |
| Topical term or geographic name as entry element | PROPERTY-PROPERTY VALUATION AND APPRAISAL-TAXATION VALUATION |
| 942 ## - ADDED ENTRY ELEMENTS (KOHA) | |
| Suppress in OPAC | 0 |
| Withdrawn status | Lost status | Source of classification or shelving scheme | Damaged status | Not for loan | Home library | Current library | Shelving location | Date acquired | Total Checkouts | Full call number | Barcode | Date last seen | Copy number | Price effective from | Koha item type |
|---|---|---|---|---|---|---|---|---|---|---|---|---|---|---|---|
| Dewey Decimal Classification | London | London | Journal article | 04/10/2006 | L135193 | 135193-1001 | 06/08/2019 | 1 | 06/08/2019 | Journal article |